Представление документа в формате MARC21

Поле Инд. ПП Название Значение
Тип записи a
Библиографический уровень m
001 Контрольный номер 6772eff64b824047a45d2a7968801d02
005 Дата корректировки 20220526231430.9
008 Кодируемые данные 220526s1979 ru |||||||||||000|||rus|d
040 a Служба первич. каталог. ЦГБ г. В. Луки
b Код языка каталог. rus
041 0_ a Код языка текста rus
084 2 Источник индекса rubbk
a Индекс другой классификации/Индекс ББК 65.9(2)
090 x Авторский знак Р 47
j Имя библиотеки ЦГБ г. В. Луки
097 b Оператор КЕИ-р
245 10 a Заглавие Решения партии и правительства по хозяйственным вопросам
b Продолж. заглавия сборник документов
n Номер части/ раздела Т. 12
p Название части/ раздела Июль 1977 года - март 1979 года
260 a Место издания Москва
b Издательство Политиздат
c Дата издания 1979
300 a Объем 765 с.
650 14 a Основная рубрика Экономика
653 1_ a Ключевые слова экономика
901 t Тип документа m